000 00460nam a2200145Ia 4500
008 230917s9999||||xx |||||||||||||| ||und||
040 _e173244
_aMAIN
041 _aEnglish
082 _a891.431721 VH58S
100 _aवर्मा, हरिश्चन्द्र
245 0 _aसूरज नही बुझेगा
260 _aनई दिल्ली
_bआशा प्रकाशन गृह
_c1990
300 _a103 पृ. p.
942 _cHN
999 _c94121
_d94121